Statistiken für Nenne alle Länder die am WWII beteiligt waren

Klicken Sie hier um das Quiz zu spielen!

Allgemein

  • Dieses Quiz wurde 395 mal gespielt
  • Das Durchschnittsergebnis liegt bei 31 aus 62

Antwortstatistiken

Bündnis/
Verbündete
Kriegs-
eintritt
Land% Korrekt
Dreimächte-
paktstaaten
1.9.1939Deutsches
Reich
98%
Dreimächte-
paktstaaten
7.7.1937 bzw.
7.12.1941
Kaiserreich
Japan
94%
Dreimächte-
paktstaaten
10.6.1940Königreich
Italien
94%
Alliierte3.9.1939Frankreich
92%
Alliierte7.12.1941 bzw.
11.12.1941
Vereinigte Staaten
von Amerika
92%
Alliierte1936/1937 bzw.
9.12.1941
China
85%
Alliierte1.9.1939 bzw.
11.12.1941
Polen
85%
Alliierte17.9.1939 bzw.
22.6.1941 bzw.
8.8.1945
Sowjetunion
83%
Alliierte10.9.1939Kanada
81%
Alliierte9.4.1940Norwegen
79%
Alliierte10.5.1940Belgien
78%
Alliierte10.5.1940Niederlande
76%
Dreimächte-
paktstaaten
11.4.1941Königreich
Ungarn
75%
Alliierte3.9.1939Großbritannien
73%
Dreimächte-
paktstaaten
30.11.1939Republik
Finnland
73%
Alliierte28.10.1940 bzw.
6.4.1941
Griechenland
70%
Alliierte3.9.1939Australien
68%
Alliierte22.8.1942 bzw.
6.6.1945
Brasilien
66%
Dreimächte-
paktstaaten
22.6.1941Königreich
Rumänien
66%
Alliierte23.2.1945Türkei
66%
Alliierte3.9.1939Indien
65%
Dreimächte-
paktstaaten
19.4.1941Königreich
Bulgarien
65%
Alliierte6.4.1941Jugoslawien
64%
Alliierte22.5.1942Mexiko
64%
Alliierte10.5.1940 bzw.
15.1.1942
Luxemburg
63%
Alliierte3.9.1939Neuseeland
57%
Alliierte24.2.1945Ägypten
56%
Alliierte27.3.1945Argentinien
56%
Alliierte9.9.1943 bzw.
1.3.1945
Iran
52%
Alliierte16.1.1943Irak
50%
Alliierte14.2.1945 bzw.
16.2.1945
Chile
49%
Alliierte27.11.1943Kolumbien
45%
Dreimächte-
paktstaaten
21.12.1941Königreich
Thailand
44%
Alliierte12.2.1945Peru
44%
Alliierte16.2.1945Venezuela
42%
Alliierte9.12.1941 bzw.
12.12.1941
Tschechoslowakei
41%
Alliierte9.12.1941 bzw.
12.12.1941
Kuba
40%
Alliierte28.2.1945Saudi-Arabien
39%
Alliierte7.4.1943Bolivien
37%
Alliierte9.12.1941 bzw.
12.12.1941
Panama
37%
Alliierte23.2.1945Uruguay
37%
Alliierte11.8.1945Mongolei
35%
Alliierte2.2.1945Ecuador
34%
Alliierte8.2.1945Paraguay
34%
Alliierte12.12.1941Honduras
33%
Alliierte26.2.1945Syrien
33%
Alliierte8.12.1941 bzw.
14.6.1942
Philippinen
32%
Alliierte8.12.1941 bzw.
13.1.1942
Costa Rica
31%
Alliierte9.12.1941 bzw.
11.12.1941
Guatemala
31%
Alliierte12.12.1941Nicaragua
29%
Dreimächte-
paktstaaten
1939Slowakische
Republik
29%
Alliierte12.12.1941El Salvador
28%
Dreimächte-
paktstaaten
1941Unabhängiger
Staat Kroatien
26%
Alliierte12.12.1941Haiti
25%
Alliierte11.12.1941Dominikanische
Republik
22%
Alliierte1.12.1942Äthiopien
20%
Alliierte27.2.1945Libanon
17%
Alliierte27.11.1943Liberia
9%
Alliierte6.9.1939Südafrikanische
Union
1%
Dreimächte-
paktstaaten
23.9.1943Italienische
Sozialrepublik
0%
Dreimächte-
paktstaaten
1936 bzw.
7.12.1941
Kaiserreich
Mandschukuo
0%
Alliierte25.6.1941Tuwinische
Volksrepublik
0%

Verteilung der Resultate

Perzentil nach korrekt beantworteten Fragen

Anzahl Personen mit jedem Resultat

Ihre Resultats-Entwicklung

Sie haben dieses Quiz noch nicht gespielt